Loading...
| Science - Physics | 0 | 5 | 0 | 2 | 50 | 32 | 74.80 | 1 | 2 | 16.41 | 26.84 |
| Fine Arts - Visual | 0 | 3 | 0 | 0 | 30 | 76 | 97.67 | 0 | 0 | 7.62 | 14.04 |
| Fine Arts - Classical Music | 0 | 3 | 0 | 0 | 30 | 116 | 125.00 | 0 | 0 | 2.81 | 10.40 |
| Literature - American | 0 | 3 | 0 | 2 | 30 | 129 | 136.67 | 0 | 0 | 0.90 | 7.95 |
| Literature - British | 0 | 3 | 0 | 0 | 30 | 83 | 98.67 | 0 | 1 | 7.51 | 11.62 |
| Science - Other | 0 | 3 | 1 | 0 | 25 | 64 | 85.00 | 0 | 1 | 6.36 | 11.21 |
| Philosophy | 0 | 3 | 1 | 0 | 25 | 96 | 105.33 | 0 | 0 | 3.67 | 7.12 |
| Mythology | 0 | 1 | 0 | 0 | 10 | 88 | 88.00 | 0 | 0 | 2.42 | 5.68 |
| Fine Arts - Other | 0 | 1 | 0 | 0 | 10 | 99 | 99.00 | 0 | 1 | 2.22 | 7.27 |
| Literature - European | 0 | 1 | 0 | 1 | 10 | 144 | 144.00 | 0 | 0 | 0.00 | 0.91 |
| Science - Chemistry | 0 | 1 | 0 | 1 | 10 | 120 | 120.00 | 0 | 0 | 0.08 | 3.03 |
| History - World | 0 | 1 | 0 | 0 | 10 | 88 | 88.00 | 0 | 0 | 2.64 | 2.02 |
| Literature - World/Other | 0 | 1 | 1 | 0 | 5 | 91 | 91.00 | 1 | 1 | 3.05 | 6.61 |
| Other Academic | 0 | 0 | 1 | 0 | -5 | 0.00 | 0 | 0 | 0.00 | 0.00 |